Catálogo

Vista normal Vista MARC

Entrada Personal Name

Número de registros utilizados en: 1

001 - CONTROL NUMBER

  • control field: 17618

003 - CONTROL NUMBER IDENTIFIER

  • control field: DLC

005 - DATE AND TIME OF LATEST TRANSACTION

  • control field: 20251017115119.0

008 - FIXED-LENGTH DATA ELEMENTS

  • fixed length control field: 820907n| azannaabn |a aaa

010 ## - LIBRARY OF CONGRESS CONTROL NUMBER

  • LC control number: n 82083631

035 ## - SYSTEM CONTROL NUMBER

  • System control number: (OCoLC)oca00780320

040 ## - CATALOGING SOURCE

  • Original cataloging agency: DLC
  • Language of cataloging: spa
  • Transcribing agency: Mx-PuUPA
  • Modifying agency: DLC
  • Description conventions: rda
  • Modifying agency: ICrlF
  • Modifying agency: Mx-PuUPA

100 1# - HEADING--PERSONAL NAME

  • Personal name: Dillard, Dudley D.,

372 ## - FIELD OF ACTIVITY

  • Field of activity: Economía
  • Source of term: lcsh

374 ## - OCCUPATION

  • Occupation: Profesor universitario
  • Occupation: Autor
  • Source of term: lcsh

375 ## - GENDER

  • Gender: hombre
  • Source of term: lcdgt

377 ## - ASSOCIATED LANGUAGE

  • Language code: eng

400 1# - SEE FROM TRACING--PERSONAL NAME

  • Personal name: Dillard, Dudley

670 ## - SOURCE DATA FOUND

  • Source citation: His The economics of John Maynard Keynes, 1948.

670 ## - SOURCE DATA FOUND

  • Source citation: The economics of John Maynard Keynes [ER], 2018 :
  • Information found: title page frame (by Dudley Dillard. Professor of economics, Maryland)